000 01750nmc a2200505 a 4500
003 AR-BaBNM
005 20251128211509.0
008 064120s1999 ||||||||||||||000 | spa||
020 _a950-07-1149-4
040 _cAR-BaBNM
245 1 0 _a17 de miedo
246 1 _aDicisiete de miedo
250 _a4ª ed.
260 _aBuenos Aires
_bSudamericana
_c1999
300 0 _a93 p.
490 0 _aPrimera sudamericana
505 _tEl desbravador de mulas
_rAccame, Jorge
505 _tGato y torcaza
_rWapner, David
505 _tLa luz
_rWapner, David
505 _tJuan sin miedo
_rCalvino, Italo
505 _tCrónicas de terror
_rCalifa, Oche
505 _tUn mojado miedo verde
_rFalbo, Graciela
505 _tLa casa gris
_rCanela [seud.]
505 _tEl demonio de mis sueños
_rMachado, Antonio
505 _tEl tamaño del miedo
_rRoldán, Gustavo
505 _tLos dragones
_rPérez Aguilar, Graciela
505 _tHistoria de Don Muerte, la triste y el zopilote
_rGaleano, Eduardo
505 _tCacería de la víbora de cascabel
_rQuiroga, Horacio
505 _tEl señor escondido
_rPescetti, Luis María
505 _tLa calle de los fantasmas
_rVillafañe, Javier
505 _tMurcielaguito
_rSilverstein, Shel
505 _tLos mosntruos que conocí
_rSilverstein, Shel
505 _tMiedo
_rSilverstein, Shel
505 _tLas discotecas no existen de día
_rShua, Ana María
505 _tAlquimia para construir un Golem
_rSuez, Perla
505 _tLa ventana abierta
_rSaki
650 4 _aLIBROS PARA NINOS
650 4 _aCUENTOS DE TERROR
650 4 _aANTOLOGIAS
653 _aLITERATURA JUVENIL
655 _aLITERATURA
700 1 _aSanzol, Jorge
_eilustrador
942 _cBK
998 _cEugenia
999 _c19907
_d19907